LEADER 00671naa a2200145 i 4500 001 000000296447 003 CaOOAMICUS 005 20180831172545.0 008 180831n xx u000 u und u 013 $a3897 040 $aSeMil$bita 100 1 $aPottmeyer, Hermann Josef.$0(OLS)http://semarc/name/3179 245 10$aAuf dem Weg zu einer dialogischen Kirche :$bwie Kirche sich ihrer selbst bewußt wird. 773 0 $tDialog als Selbstvollzug der Kirche?.$dFreiburg ; Basel ; Wien : Herder, 1997.$kQuaestiones disputatae $z3-451-02166-8$w()52813 996 $6245$aAuf dem Weg zu einer dialogischen Kirche :$bwie Kirche sich ihrer selbst bewußt wird$9(OLS)http://semarc/title/372502 LEADER 01069nam a2200289 i 4500 001 000000203689 003 CaOOAMICUS 005 20151202000000.0 008 151202s1982 it u000 u ita u 013 $a182403 020 $a88-350-7236-0 040 $aSeMil$bita 100 1 $aPenati, Giancarlo.$0(OLS)http://semarc/name/18571 245 12$aL'anima /$cGiancarlo Penati. 260 $aBrescia :$bLa Scuola,$c1982. 300 $a242 p. ;$c21 cm. 490 0 $aItinerari filosofici 500 $aContiene : Bibliografia. 650 4$aFilosofia teoretica.$0(OLS)http://semarc/subject/213 650 4$aAnima - Filosofia.$0(OLS)http://semarc/subject/2216 830 0$aItinerari filosofici.$0(OLS)http://semarc/title/6796 850 $aSeMil 852 $aSeMil$W1$xVenegono$y1$m2P II 842$j154183$B154183$CSeMilBibl$Z2$F209004 $81 961 $aOmaggio: Altro 996 $6020$a88-350-7236-0$9(OLS)http://semarc/number/196880 996 $6245$aL'anima$9(OLS)http://semarc/title/178729 996 $6260$aBrescia :$bLa Scuola$9(OLS)http://semarc/publisher/29831